Guess the Taylor Swift's song by the Pre-Chorus - Statistics

General Stats
  • This quiz has been taken 3,665 times
  • The average score is 14 of 15
Answer Stats
Pre-Chorus/Pre-Choruses Song % Correct
" But I got smarter, I got harder in the nick of time, honey, I rose up from the dead, I do it all the time, I've got a list of names and yours is in red, underlined, I, check it once, then I check it twice, oh! " Look What You Made Me Do - reputation
98%
" That you were Romeo, you were throwing pebbles, and my daddy said, "Stay away from Juliet", and I was crying on the staircase, begging you, "Please don't go," and I said "" 'Cause you were Romeo, I was a scarlet letter, and my daddy said, "Stay away from Juliet", but you were everything to me I was begging you, "Please don't go," and I said " Love Story - Fearless (Taylor's Version)
98%
" 'Cause she wears short skirts, I wear T-shirts, she's Cheer Captain and I'm on the bleachers, dreaming 'bout the day when you wake up and find that what you're looking for has been here the whole time "" She wears high heels, I wear sneakers, she's Cheer Captain and I'm on the bleachers, dreaming about the day when you wake up and find that what you're looking for has been here the whole time " You Belong With Me (Taylor’s Version) - Fearless (Taylor's Version)
98%
" He's so tall and handsome as hell, he's so bad, but he does it so well, I can see the end as it begins, my one condition is "" He's so tall and handsome as hell, he's so bad, but he does it so well, and when we've had our very last kiss, my last request it is " Wildest Dreams (Taylor’s Version) - 1989 (Taylor's Version)
97%
" But I keep cruisin', can't stop, won't stop movin', it's like I got this music in my mind, sayin', "It's gonna be alright" " Shake It Off - 1989
95%
" Ooh-ooh-ooh-ooh-ooh, we called it off again last night, but, oh-ooh-ooh-ooh-ooh, this time, I'm telling you, I'm telling you " We Are Never Ever Getting Back Together (Taylor’s Version) - Red (Taylor's Version)
95%
" Killing me slow, out the window, I'm always waiting for you to be waiting below, devils roll the dice, angels roll their eyes, what doesn't kill me makes me want you more "" So cut the headlights, summer's a knife, I'm always waiting for you just to cut to the bone, devils roll the dice, angels roll their eyes, and if I bleed, you'll be the last to know " Cruel Summer - Lover
93%
" We're happy, free, confused, and lonely at the same time, it's miserable and magical, oh, yeah, tonight's the night when we forget about the deadlines, it's time, oh-oh " 22 (Taylor's Version) - Red (Taylor's Version)
91%
" I’d be a fearless leader, I'd be an alpha type, when everyone believes ya, what's that like? " The Man - Lover
91%
" And I know it's long gone and that magic's not here no more, and I might be okay, but I'm not fine at all, oh, oh, oh "" And I know it's long gone and, there was nothing else I could do, and I forget about you long enough, to forget why I needed to " All Too Well (Taylor's Version) - Red (Taylor's Version)
89%
" I, I, I see how this is gon' go, touch me and you'll never be alone, i-island breeze and lights down low, no one has to know " ...Ready for it? - reputation
89%
" Oh, it's so sad to, think about the good times, you and I " Bad Blood - 1989
84%
" This is surely not what you thought it would be, I lose myself in a daydream, where I stand and say "" She floats down the aisle like a pageant queen, but I know you wish it was me, you wish it was me, don't you? " Speak Now - Speak Now
80%
" Because the last time you saw me, is still burned in the back of your mind, you gave me roses and I left them there to die "" And then the cold came, the dark days, when fear crept into my mind, you gave me all your love and all I gave you was goodbye " Back to December - Speak Now
78%
" I guess you never know, never know, and if you wanted me, you really should've showed, and if you never bleed, you're never gonna grow, and it's alright now "" I guess you never know, never know, and it's another day waking up alone " the 1 - folklore
77%
No matching quizzes found
Score Distribution
Percent of People with Each Score
Percentile by Number Answered
Your Score History
You have not taken this quiz